000 00702nam a2200181 u 4500
001 000003004
005 20200929150314.0
008 090706s2002 dr acd r 000 0 spa d
040 _aDO-SdBNP
_bspa
_cBNPHU
245 0 0 _aCapacitación en autogestión para el manejo de recursos naturales :
_bCAREN, propuestas tecnológica /
_cpresentación Jesús Moreno Portalatín.
260 _aSanto Domingo :
_bCAD,
_c2002.
300 _a80 p. :
_bil., gráf. retr. ;
_c28 cm.
500 _aIncluye índice
500 _aIncluye notas al pie de las paginas
504 _aIncluye bibliografía (p. 79-80)
700 1 _aPortalatín, Jesús Moreno
_epresetación
_99537
710 1 _aConsorcio Ambiental Dominicano
_99538
999 _c2836
_d2836